1500 1102 1798 1847 1166 1178 1421 1384 1507 1142 1665 1955 1650 1506 1129 1302 1803 1989 1920 1129 1446 1764 1747 1843 1243 1761 1856 1636 1388 1282 1231 1147 1990 1636 1972 1995 1072 1286 1906 1073 1113 1057 1549 1475 1835 1455 1342 1101 1738 1239 1502 1127 1992 1394 1543 1046 1302 1626 1797 1788 1858 1697 1844 1531 1535 1292 1005 1611 1834 1895 1473 1031 1043 1626 1758 1471 1656 1816 1966 1081 1118 1537 1793 1120 1154 1002 1955 1403 1692 1838 1442 1065 1477 1598 1228 1944 1052 1469 1629 BCNSPRNW ULIB Ver.6.0+V

เปลี่ยนเป็นภาษาไทย

Change to English
 แสดงรายละเอียดบรรณานุกรม
  กลับหน้าหลัก

Brief Record : Get Marc (ISO 2709) : E-mail record : QR code < ปิดหน้าต่าง
LEADER : 00000nam 2200000uu 4500
001    13399113131
003     ULIB
008    110927s2547||||th 000 0 tha d
020    9789742985332
050 04 Q158.5^bP111 2547
245 00 ดาราศาสตร์ =^bEssential atlas of astronomy /^cเสถียร บุญฤทธิ์ แปล
246 31 Essential atlas of astronomy
250    พิมพ์ครั้งที่ 1
260    กรุงเทพฯ :^bชมรมเด็ก,^c2547
300    96 หน้า :^bภาพประกอบ
650  7 ดาราศาสตร์
700 00 เสถียร บุญฤทธิ์,^eผู้แปล
945    ^p300^l0^i026579
995    ทศพร
999 ^a ทศพร
รายการนี้ยังไม่มีแท็ก
คุณยังไม่ได้ล็อกอิน คุณสามารถมีกิจกรรมร่วมกับเว็บไซต์ได้ แต่ต้องล็อกอินก่อน ::
  ล็อกอิน

รายการสื่อสารสนเทศ

ลำดับที่ ประเภท เลขเรียก/บาร์โค้ด สถานที่ สถานะ
- ไม่พบข้อมูล -

รายการใกล้เคียง
    หัวเรื่อง [ดาราศาสตร์]

BibComment


ยังไม่เคยถูกคอมเมนท์

คอมเมนท์ทรัพยากรรายการนี้
  คอมเมนท์: ดาราศาสตร์ Essen..


 Copyright 2026. Bcnsprnw @Library